000 01515nam a2200469 i 4500
001 7591
003 KOSZ 005
005 20200424135039.0
008 070608s1972 pl a f |000 0 pol
015 _aPB 1972/8849
035 _a(OCoLC)749429164
040 _aWA N
_cWA N
_dKOSZ 005/HR
046 _k1964
080 _a621.833
080 _a621.9.06
080 _a62.17
080 _a539.3/.6
080 _a(075.8)
100 1 _aWrotny, Lucjan Tadeusz
_d(1920-2006)
_eAutor
245 1 0 _aObliczanie wytrzymałościowe kół zębatych w obrabiarkach /
_cLucjan Tadeusz Wrotny.
250 _aWyd. 4.
260 _aWarszawa :
_bWydawnictwa Politechniki Warszawskiej,
_c1972.
300 _a100 s. :
_bil. ;
_c23 cm.
336 _2rdacontent
_aTekst
_btxt
337 _2rdamedia
_aBez urządzenia pośredniczącego
_bn
338 _2rdacarrier
_aWolumin
_bnc
380 _aKsiążki
380 _aPublikacje dydaktyczne
385 _mPoziom nauczania
_aSzkoły wyższe
388 _a1901-2000
388 _a1945-1989
504 _aBibliogr.
658 _aInżynieria i technika
650 4 _aObrabiarka
655 4 _aPodręczniki akademickie
650 4 _aBudowa i konstrukcje
650 4 _aWytrzymałość materiałów
650 4 _aKoła zębate
710 2 _aWydawnictwa Politechniki Warszawskiej
_4pbl.
856 _uhttp://koha.tu.koszalin.pl/cgi-bin/koha/opac-detail.pl?biblionumber=7591
_yKatalog online BPK
942 _2UKD
_cKS
999 _c7591
_d7591